000 00966nam0a22002891 4500
001 rc\3428081
005 20250610002826.0
021 _aRU
_b[74-45102]
035 _a(NLR Aleph) 007585029
090 _a5549094
_c5549094
100 _a20130115d1974 |||y0rusy50 ca
101 0 _arus
102 _aRU
105 _aa z |||||
200 1 _aМеханика от античности до наших дней
_fАН СССР
205 _a2-е изд., перераб. и доп.
210 _aМосква
_cНаука
_d1974
215 _a479 с.
_cил.
_d20
225 1 _aСерия "Из истории мировой культуры"
606 _aМеханика
_xИстория
_2psbo
700 1 _4070
_7ca
_8rus
_aГригорьян
_bА.Т.
_f1910-1997
_gАшот Тигранович
_92641297
_3RU\NLR\AUTH\770273067
801 0 _aRU
_bNLR
_gpsbo
801 1 _aRU
_bELAR
_2rusmarc
852 _aNLR
_j74-3/28
942 _cBOOK
980 _aNB